000 00461nam a2200181 a 4500
001 1765947748871
003 ACL
005 20251217103440.0
008 251217s2005##################000#0#eng##
020 _a9780345465467
082 0 4 _a641.5
_bJEN
100 1 _aWenger, Shaunda Kennedy,
_eauthor.
245 1 0 _aThe Book Lover's Cookbook :
260 _bNational Geographic Books,
_c2005.
650 0 _aCooking.
942 _cENGLISH
040 _aACL
_beng
_cACL
999 _c602903
_d602903